1915 1729 1160 1892 1276 1217 1728 1599 1595 1542 1765 1428 1855 1281 1333 1581 1098 1799 1963 1182 1758 1126 1764 1427 1149 1185 1337 1978 1271 1125 1531 1852 1016 1890 1340 1217 1473 1584 1069 1595 1981 1131 1394 1509 1367 1269 1341 1529 1772 1336 1490 1211 1898 1199 1807 1184 1574 1104 1425 1633 1247 1691 1023 1946 1638 1909 1835 1091 1916 1699 1084 1509 1199 1627 1226 1417 1161 1062 1328 1981 1290 1094 1009 1858 1476 1647 1439 1219 1770 1264 1105 1470 1789 1452 1542 1082 1322 1957 1361 BCNSPRNW ULIB Ver.6.0+V

เปลี่ยนเป็นภาษาไทย

Change to English
 แสดงรายละเอียดบรรณานุกรม
  กลับหน้าหลัก

Brief Record : Get Marc (ISO 2709) : E-mail record : QR code < ปิดหน้าต่าง
LEADER : 00000nam 2200000uu 4500
001    13399126124
003     ULIB
008    180611s2012||||th 000 0 tha d
020    ^a9781438071770 (pbk. with MP3 CD)
050 00 ^aPE1128^bS532B
100 1  ^aSharpe, Pamela J.,^eauthor.
245 10 ^aBarron the Leader in Test Preparation Outsmart theTOEFL Test Strategies and Tips /^bPamelaJ. Sharpe, Ph.D.
246 3  ^aBarron the Leader in Test Preparation
260    ^aNew York^bBarron Educational Series,Inc^c2012
300    ^a391 pages :^billustrations ;^c28 cm ^e1MP3-CD(digital ; 4 3/4 in.)
650  0 ^aTest of English as a Foreign Language^vStudy guides.
650  0 ^aEnglish language^xExaminations^vStudy guides.
650  0 ^aEnglish language^vSound recordings for foreign speakers.
945    ^p875^l0^i004216
945    ^p875^l0^i004217
999    ^aวรรณษา ชูชัยมงคล
รายการนี้ยังไม่มีแท็ก
คุณยังไม่ได้ล็อกอิน คุณสามารถมีกิจกรรมร่วมกับเว็บไซต์ได้ แต่ต้องล็อกอินก่อน ::
  ล็อกอิน

รายการสื่อสารสนเทศ

ลำดับที่ ประเภท เลขเรียก/บาร์โค้ด สถานที่ สถานะ
1. วิทยาศาสตร์การแพทย์ และสุขภาพ
หนังสือสำรอง
สถานะ=หนังสือสำรอง
PE1128 S532B ฉ.1 
  Barcode: 004216
ห้องสมุดวิทยาเขตนครสวรรค์
►นวนิยาย:l:Fiction
บนชั้น
2. วิทยาศาสตร์การแพทย์ และสุขภาพ
วิทยาศาสตร์การแพทย์ และสุขภาพ
PE1128 S532B ฉ.2 
  Barcode: 004217
ห้องสมุดวิทยาเขตนครสวรรค์
►นวนิยาย:l:Fiction
บนชั้น

BibComment


ยังไม่เคยถูกคอมเมนท์

คอมเมนท์ทรัพยากรรายการนี้
  คอมเมนท์: Barron the Leade..


 Copyright 2026. Bcnsprnw @Library